00824nam a2200241 a 450000100060000000300080000600500170001400800410003102000320007203500190010404000230012304100080014608200250015410000310017924500690021026000510027930000340033050400390036465000290040394200120043299900170044495201210046162328BD-RjUL20211209081053.0170123s1987 caua b 001 0 eng d a0534076564 (pbk.) :c$16.00 a(BD-RjUL)62454 aDLCcDLCdDLCbeng aeng00a808.51223bKAP 19871 aKatula, Richard A.918538010aPrinciples and patterns of public speaking /cRichard A. Katula. aBelmont, Calif. :bWadsworth Pub. Co.,cc1987. axxi, 392 p. :bill. ;c24 cm. aIncludes bibliographies and index. 0aPublic speaking.9171236 2ddccBK c62328d62328 00102ddc40718NFICaRUCLbRUCLcReadingd1989-03-14l0o808.51 KAP 1987r2017-01-23 00:00:00tC-1w2017-01-23yBK